Countries with the most Internet Users - Statistics

General Stats
  • This quiz has been taken 30 times
  • The average score is 9 of 10
Answer Stats
# of users in millions Country % Correct
730.7 China
100%
374.3 India
97%
246.8 United States of America
97%
122.8 Brazil
93%
108.8 Russia
93%
61 United Kingdom
93%
72.3 Germany
90%
116.6 Japan
86%
73.3 Mexico
83%
65.5 Indonesia
79%
No matching quizzes found
Score Distribution
Percent of People with Each Score
Percentile by Number Answered
Your Score History
You have not taken this quiz